Dettagli MARC
| 000 -LEADER |
| fixed length control field |
02156njm a2200409Ia 4500 |
| 001 - CONTROL NUMBER |
| control field |
F0239 |
| 003 - CONTROL NUMBER IDENTIFIER |
| control field |
IT-RoPAU |
| 005 - DATE AND TIME OF LATEST TRANSACTION |
| control field |
20220918181131.0 |
| 008 - FIXED-LENGTH DATA ELEMENTS--GENERAL INFORMATION |
| fixed length control field |
131025s9999 xx 000 0 und d |
| 040 ## - CATALOGING SOURCE |
| Original cataloging agency |
IT-RoPAU |
| 040 ## - CATALOGING SOURCE |
| Transcribing agency |
IT-RoPAU |
| 999 ## - SYSTEM CONTROL NUMBERS (KOHA) |
| Koha Dewey Subclass [OBSOLETE] |
n.d. |
| 100 ## - MAIN ENTRY--PERSONAL NAME |
| Personal name |
Holland Dave |
| 9 (RLIN) |
32102 |
| 100 ## - MAIN ENTRY--PERSONAL NAME |
| Relator term |
Autore musica |
| 9 (RLIN) |
32103 |
| 100 ## - MAIN ENTRY--PERSONAL NAME |
| Miscellaneous information |
Codice autore musica SPICS: 42321 |
| 9 (RLIN) |
32104 |
| 245 ## - TITLE STATEMENT |
| Title |
Conferences |
| 250 ## - EDITION STATEMENT |
| Edition statement |
1a ed. |
| 260 ## - PUBLICATION, DISTRIBUTION, ETC. (IMPRINT) |
| Place of publication, distribution, etc. |
MILANO |
| 260 ## - PUBLICATION, DISTRIBUTION, ETC. (IMPRINT) |
| Name of publisher, distributor, etc. |
RUSCONI |
| Date of publication, distribution, etc. |
1998 [1a Ed.:] |
| 300 ## - PHYSICAL DESCRIPTION |
| Extent |
COMPACT DISC |
| 300 ## - PHYSICAL DESCRIPTION |
| Dimensions |
70 minuti (Testo: pag.) |
| 500 ## - GENERAL NOTE |
| General note |
Musica jazz. Cd allegato al n. 2 '98 della rivista "Musica jazz". |
| 505 ## - FORMATTED CONTENTS NOTE |
| Formatted contents note |
Homecoming [(Ludwigsburg 1984) (7:00)] - Inception [(Ludwigsburg 1982) (5:00)] - How's Never [(New York 1994) (8:00)] - Claressence [(New York 1995) (8:00)] - Processional [(New York 1989) (8:00)] - You I Love [(Ludwigsburg 1983) (8:00)] - The Balance [(New York 1997) (7:00)] - Under Redwoods [(Oslo 1977) (7:00)] - The Razor's Edge [(Ludwigsburg 1987) (8:00)] - Conference of the Birds [(New York 1972) (5:00)] |
| 511 ## - PARTICIPANT OR PERFORMER NOTE |
| Participant or performer note |
Wheeler Kenny: tr; Priester Julian: trne; Coleman Steve: alto; Holland Dave: cb |
| 511 ## - PARTICIPANT OR PERFORMER NOTE |
| Participant or performer note |
Holland Dave: cello |
| 511 ## - PARTICIPANT OR PERFORMER NOTE |
| Participant or performer note |
Abercrombie John: chit; Holland Dave: cb; Dejohnette Jack: batt |
| 511 ## - PARTICIPANT OR PERFORMER NOTE |
| Participant or performer note |
Person Eric: alto; Nelson Steve: vib; Holland Dave: cb; Jackson Gene: batt |
| 511 ## - PARTICIPANT OR PERFORMER NOTE |
| Participant or performer note |
Coleman Steve: alto; Eubanks Kevin: chit; Holland Dave: cb; Smith Marvin Smitty: batt |
| 511 ## - PARTICIPANT OR PERFORMER NOTE |
| Participant or performer note |
Wheeler Kenny: flic; Priester Julian: trne; Coleman Steve: alto; Holland Dave: cb; Ellington Steve: batt |
| 511 ## - PARTICIPANT OR PERFORMER NOTE |
| Participant or performer note |
Eubanks Robin: trne; Wilson Steve: sop; Nelson Steve: vib; Holland Dave: cb; Kilson Billy: batt |
| 511 ## - PARTICIPANT OR PERFORMER NOTE |
| Participant or performer note |
Holland Dave: cb |
| 511 ## - PARTICIPANT OR PERFORMER NOTE |
| Participant or performer note |
Wheeler Kenny: flic; Eubanks Robin: trne; Coleman Steve: alto; Holland Dave: cb; Smith Marvin Smitty: batt |
| 511 ## - PARTICIPANT OR PERFORMER NOTE |
| Participant or performer note |
Rivers Sam: fl; Braxton Anthony: sax, sopranino; Holland Dave: cb; Altschul Barry: perc, marimba |
| 650 ## - SUBJECT ADDED ENTRY--TOPICAL TERM |
| Topical term or geographic name as entry element |
JAZZ [COMPACT DISC] |
| Relator term |
Codice MATERIA SPICS: 9949 |
| 9 (RLIN) |
11822 |
| 700 ## - ADDED ENTRY--PERSONAL NAME |
| Personal name |
Holland Dave |
| Miscellaneous information |
Codice interprete SPICS: 42321 |
| Relator term |
Interprete |
| 9 (RLIN) |
32105 |
| 942 ## - ADDED ENTRY ELEMENTS (KOHA) |
| Koha item type |
CD AUDIO |
| Source of classification or shelving scheme |
Dewey Decimal Classification |